| 000 -Cabecera (24) |
| Campo de control interno |
00650nas a22002054a 4500 |
| 001 - Número de control |
| Campo de control |
ESSALUD |
| 008 - Códigos de longitud fija (40p) |
| Campo de control de longitud fija |
m2026 pe r gr 0 0 spa d |
| 022 ## - ISSN |
| ISSN |
3119-7981 |
| 040 ## - Origen de la Catalogacion |
| Origen de la Catalogacion |
ESSALUD |
| 041 ## - Código de idioma (R) |
| Código de lengua del texto/banda sonora o título independiente (R) |
spa |
| 245 ## - Titulo |
| Titulo |
Ciencia y Tecnología aplicada a la Salud Pública |
| 246 ## - Variante del Titulo |
| Titulo |
Revista científica de EsSalud |
| 260 ## - Editorial |
| Ciudad |
Lima : |
| Nombre de la Editorial |
IETSI |
| 362 ## - Fecha de publicación o designacion secuencial (semestral, anual, quincenal) |
| Fecha de publicación o designacion secuencial (semestral, anual, quincenal) |
irregular |
| 650 ## - Temas - Descriptores |
| Temas - Descriptores |
ATENCIÓN AL PACIENTE |
| 650 ## - Temas - Descriptores |
| Temas - Descriptores |
SALUD PÚBLICA |
| 9 (RLIN) |
1652 |
| 650 ## - Temas - Descriptores |
| Temas - Descriptores |
SEGURIDAD SOCIAL |
| 9 (RLIN) |
2070 |
| 710 ## - Autor Corporativo |
| Nombre de entidad corporativa o nombre de jurisdicción como elemento inicial (NR |
Perú. Seguro Social de Salud (EsSalud). Instituto de Evaluación de Tecnologías en Salud e Investigación |
| 9 (RLIN) |
43862 |
| 942 ## - Elementos personalizados Koha |
| Tipo de Documento |
Títulos de Revistas |
| Fecha procesamiento |
2026-06-05 |
| Catalogador |
AFC |